| 000 | 00589cam a22001691 4500 | ||
|---|---|---|---|
| 082 |
_a355.82 _bHAY _cL-30, P-48. |
||
| 100 | 1 |
_aHay, Ian. _948842 |
|
| 245 | 1 | 0 |
_aR.O.F., _bthe story of the Royal Ordnance factories, 1939-1948, _cby Ian Hay [pseud.] |
| 260 |
_aLondon, _bH.M. Stationery Off., _c1949. |
||
| 300 |
_a104 p. _bill., _c22 cm. |
||
| 500 | _a"Prepared by the Ministry of Supply and the Central Office of Information." | ||
| 526 |
_a0 _b0 _c0 _d355_820000000000000_HAY |
||
| 650 |
_aMCE _9379 |
||
| 710 | 1 |
_aGreat Britain. _939715 |
|
| 710 | 1 |
_aGreat Britain. _939715 |
|
| 942 |
_2ddc _cBK |
||
| 999 |
_c551714 _d551714 |
||